000 01084nam a2200181 a 4500
008 120416s1995 xx |||||||||||||| || u
020 _a0748705600
050 _aHB 171.5 Don
100 _aDonnelly, Graham
245 1 2 _aA foundation in economics
260 _c1995
350 _a0.00
995 _aBINDERY (DAMAGED)
_D0.00
_e730971
_FCBU-MAIN LIBRARY (Kitwe)
_H5
_I10.99
_jHB 171.5 Don
_M5
_UDAMAGED
_WApr 26, 2006
_y028053
_ZMain Library Open Access Collection
995 _aBINDERY (DAMAGED)
_D0.00
_e727947
_FCBU-MAIN LIBRARY (Kitwe)
_H2
_I10.99
_jHB 171.5 Don
_UDAMAGED
_y026125
_ZMain Library Open Access Collection
995 _aBINDERY (DAMAGED)
_D0.00
_e727946
_FCBU-MAIN LIBRARY (Kitwe)
_H4
_I10.99
_jHB 171.5 Don
_UDAMAGED
_y026128
_ZMain Library Open Access Collection
995 _aBINDERY (DAMAGED)
_D0.00
_e731001
_FCBU-MAIN LIBRARY (Kitwe)
_H1
_I10.99
_jHB 171.5 Don
_UDAMAGED
_y731001
_ZMain Library Open Access Collection
995 _aMAIN LIBRARY OPEN ACCESS
_D0.00
_e730871
_FCBU-MAIN LIBRARY (Kitwe)
_H3
_I10.99
_jHB 171.5 Don
_M4
_UAVAILABLE
_WApr 26, 2006
_y028012
_ZMain Library Open Access Collection
999 _c63261
_d63261